Airline Logos - Statistics

General Stats
  • This quiz has been taken 262 times
  • The average score is 12 of 16
Answer Stats
Picture Answer % Correct
American Airlines
90%
Emirates
89%
Qatar Airways
88%
Delta
85%
Lufthansa
84%
Virgin
82%
Qantas
81%
British Airways
76%
Etihad Airways
74%
RyanAir
73%
Southwest Airlines
66%
Air New Zealand
60%
Cathay Pacific
59%
Iberia
57%
South African Airways
57%
Frontier Airlines
47%
No matching quizzes found
Score Distribution
Percent of People with Each Score
Percentile by Number Answered
Your Score History
You have not taken this quiz